Katsushika Hokusai : (Record no. 10845)
[ view plain ]
| 000 -CABECERA | |
|---|---|
| campo de control de longitud fija | 01457nam a22002777a 4500 |
| 001 - NÚMERO DE CONTROL | |
| campo de control | BRCA_9226 |
| 003 - IDENTIFICADOR DEL NÚMERO DE CONTROL | |
| campo de control | FranzMayer |
| 005 - FECHA Y HORA DE LA ÚLTIMA TRANSACCIÓN | |
| campo de control | 20220921134006.0 |
| 008 - DATOS DE LONGITUD FIJA--INFORMACIÓN GENERAL | |
| campo de control de longitud fija | 220912b |||||||| |||| 00| 0 eng d |
| 020 ## - NÚMERO INTERNACIONAL ESTÁNDAR DEL LIBRO | |
| Número Internacional Estándar del Libro | 9788412009774 |
| 040 ## - FUENTE DE LA CATALOGACIÓN | |
| Lengua de catalogación | spa |
| Centro/agencia transcriptor | MFM |
| 041 ## - CÓDIGO DE LENGUA | |
| Código de lengua del texto/banda sonora o título independiente | spa |
| 050 ## - SIGNATURA TOPOGRÁFICA DE LA BIBLIOTECA DEL CONGRESO | |
| Número de clasificación | NE1325. H65 |
| Número de documento/Ítem | K38 2019 |
| 245 ## - MENCIÓN DE TÍTULO | |
| Título | Katsushika Hokusai : |
| Resto del título | Treinta y seis vistas del monte Fuji / |
| Mención de responsabilidad, etc. | ed. V. David Almazán Tomás |
| 260 ## - PUBLICACIÓN, DISTRIBUCIÓN, ETC. | |
| Lugar de publicación, distribución, etc. | España : |
| Nombre del editor, distribuidor, etc. | Sans Soleil, |
| Fecha de publicación, distribución, etc. | 2019 |
| 300 ## - DESCRIPCIÓN FÍSICA | |
| Extensión | 236 p. : |
| Otras características físicas | il. map. ; |
| Dimensiones | 24.5 x 17.5 cm. |
| 490 ## - MENCIÓN DE SERIE | |
| Mención de serie | Japón |
| 490 ## - MENCIÓN DE SERIE | |
| Mención de serie | Wunderkammer |
| 500 ## - NOTA GENERAL | |
| Nota general | Ubicación: L60-N1 |
| 520 ## - SUMARIO, ETC. | |
| Sumario, etc. | El monte Fuji causó una gran fascinación entre los artistas japoneses, pero tal vez ninguno logró retratarlo de forma tan magistral como Katsushika Hokusai (1760-1849). Este volumen, editado por el profesor David Almazán Tomás, recoge la serie completa de "Treinta y seis vistas del monte Fuji", obra que se ha convertido por derecho propio en uno de los hitos de la Historia del Arte universal. En ella se recorrerá la geografía y cultura japonesas a través de grabados inmortales como "El Fuji rojo" o "La gran ola de Kanagawa". - Proporcionado por la editorial. |
| 600 ## - PUNTO DE ACCESO ADICIONAL DE MATERIA--NOMBRE DE PERSONA | |
| Nombre de persona | Katsushika, Hokusai, |
| Fechas asociadas al nombre | 1760-1849 |
| Subdivisión de forma | Catálogo |
| Subdivisión general | Arte |
| Subdivisión geográfica | Japón |
| 9 (RLIN) | 28543 |
| 650 ## - PUNTO DE ACCESO ADICIONAL DE MATERIA--TÉRMINO DE MATERIA | |
| Término de materia o nombre geográfico como elemento de entrada | Estampas |
| Subdivisión general | Arte |
| -- | Grabado |
| Subdivisión geográfica | Japón |
| 9 (RLIN) | 28544 |
| 651 ## - PUNTO DE ACCESO ADICIONAL DE MATERIA--NOMBRE GEOGRÁFICO | |
| Nombre geográfico | Fuji (Japón, Volcán) |
| 9 (RLIN) | 28545 |
| 942 ## - ELEMENTOS DE PUNTO DE ACCESO ADICIONAL (KOHA) | |
| Fuente del sistema de clasificación o colocación | Library of Congress Classification |
| Tipo de ítem Koha | Libros |
| Estado de retiro | Estado de pérdida | Fuente del sistema de clasificación o colocación | Estado dañado | No para préstamo | Localización permanente | Ubicación/localización actual | Fecha de adquisición | Total de préstamos | Signatura topográfica completa | Código de barras | Fecha visto por última vez | Precio válido a partir de | Tipo de ítem Koha |
|---|---|---|---|---|---|---|---|---|---|---|---|---|---|
| El ejemplar forma parte de la colección y puede ser consultado según las políticas vigentes. | Library of Congress Classification | Biblioteca del Museo Franz Mayer (Rogerio Casas-Alatriste) | Biblioteca del Museo Franz Mayer (Rogerio Casas-Alatriste) | 12/09/2022 | NE1325. H65 K38 2019 | CONT10014 | 12/09/2022 | 12/09/2022 | Libros |